书目信息 |
| 题名: |
化学文献及查阅方法
|
|
| 作者: | 余向春 编著 | |
| 分册: | ||
| 出版信息: | 北京 科学出版社 1983 |
|
| 页数: | 394页 | |
| 开本: | 21cm | |
| 丛书名: | ||
| 单 册: | ||
| 中图分类: | G257.2 | |
| 科图分类: | ||
| 主题词: | 化学-情报检索 , 情报检索-化学 , 图书馆学 , 图书馆事业 | |
| 电子资源: | ||
| ISBN: | ||
| 000 | 00716nam0 2200265 45 | |
| 001 | 0183009454 | |
| 005 | 20060801104739.85 | |
| 010 | @dCNY3.55 | |
| 091 | @a13031.2140 | |
| 100 | @a19950420d1983 em y0chiy0121 ea | |
| 101 | 0 | @achi |
| 102 | @aCN@b110000 | |
| 105 | @ay z 000yy | |
| 200 | 10 | @a化学文献及查阅方法@Ahua xue wen xian ji cha yue fang fa@f余向春编著@Fyu xiang chun bian zhu |
| 210 | @a北京@c科学出版社@d1983 | |
| 215 | @a394页@d21cm | |
| 606 | @a化学-情报检索 | |
| 606 | @a情报检索-化学 | |
| 606 | 0 | @a图书馆学 |
| 606 | 0 | @a图书馆事业 |
| 690 | @aG257.2 | |
| 701 | 0 | @a余向春@Ayu xiang chun@4编著 |
| 801 | 2 | @aCN@bNLC@c20060801 |
| 801 | 0 | @aCN@b上海图书馆@c20060622 |
| 905 | @dG257.2@e19 | |
| 化学文献及查阅方法/余向春编著.-北京:科学出版社,1983 |
| 394页;21cm |
| ISBN :CNY3.55 |
| ● |
| 相关链接 |
|
|
|
|
正题名:化学文献及查阅方法
索取号:G257.2/19
 
预约/预借
| 序号 | 登录号 | 条形码 | 馆藏地/架位号 | 状态 | 备注 |
| 1 | 0434361 | 204343610 | 密集书库/ [索取号:G257.2/19] | 在馆 |